Marketingové komunikace a výzkum

Salvato in:
Dettagli Bibliografici
Ente Autore: Univerzita Tomáše Bati ve Zlíně. Fakulta multimediálních komunikací
Altri autori: Pavlů, Dušan
Natura: Libro
Lingua:ceco
slovacco
inglese
Pubblicazione: Zlín Fakulta multimediálních komunikací Univerzity Tomáše Bati ve Zlíně 2006
Soggetti:
Tags: Aggiungi Tag
Nessun Tag, puoi essere il primo ad aggiungerne!!

MARC

LEADER 00000nam$a2200000$$$4500
001 0053193
005 20240104135346.8
020 |a 80-7318-383-8 
041 0 |a cze 
041 0 |a slo 
041 0 |a eng 
044 |a CZ 
245 1 0 |a Marketingové komunikace a výzkum  |c uspořádal, redakčně zpracoval a k tisku připravil Dušan Pavlů 
264 1 |a Zlín  |b Fakulta multimediálních komunikací Univerzity Tomáše Bati ve Zlíně  |c 2006 
300 |a 198 s. 
610 2 0 |a komunikácia marketingová 
610 2 0 |a výskum 
610 2 0 |a výskum trhu 
610 2 0 |a reklama 
610 2 0 |a kultúra 
700 1 |a Pavlů, Dušan 
710 2 |a Univerzita Tomáše Bati ve Zlíně. Fakulta multimediálních komunikací